Dictámenes y estudios en derecho urbanístico / José Martín Blanco
Descripción Física:
356 p. ; 25 cm
Colección:
Monografías. Estudios jurídicos ; 24
Materias:
Dret urbanístic -- Espanya
MARC
| LEADER | 00000nam a2200000Ia 4500 | ||
|---|---|---|---|
| 001 | 19457 | ||
| 008 | 160829s1970 xx 000 0 cat d | ||
| 080 | |a D-3-170 | ||
| 100 | |a Martín Blanco, José |9 27117 | ||
| 245 | |a Dictámenes y estudios en derecho urbanístico / José Martín Blanco | ||
| 260 | |a Madrid : |b Montecorvo, |c 1970 | ||
| 300 | |a 356 p. ; |c 25 cm | ||
| 490 | |a Monografías. Estudios jurídicos ; 24 | ||
| 650 | 0 | |a Dret urbanístic |z Espanya |9 11118 | |
| 901 | |a Arxiu | ||
| 942 | |n 1 | ||
| 952 | |0 1 |1 0 |2 udc |4 0 |5 2 |6 D3170 |7 1 |9 44279 |a Arxiu |b Arxiu |d 2016-12-01 |l 0 |o D-3-170 |p 19457 |r 2016-12-01 00:00:00 |w 2016-12-01 |y ARXIU | ||
| 999 | |c 46859 |d 46859 | ||